000 00982 a2200241 4500
010 _aENG-88519
020 _a8189547143
_c650.00
035 _aEN-72052
037 _bDBAD / PUB
082 1 4 _a670.285
090 _c8765
_d8765
111 1 _aNational Conference on Automation in Manufacturing Technology
_cNew Delhi (India)
_dMarch 24-25, 2006:
245 1 _a Automation in manufacturing technology
_cedited by S.C. Gupta ... [et al]
_bproceedings of national conference, March 24-25,2006 organized by Northern India Engineering College, New Delhi
260 _aDelhi
_bWisdom Publications
_c2006
270 _aC-14, D.S.I.D.C. Work Centre, Jhilmil Colony,
_bDelhi
_e110 095
_k22162365, 9891185157
300 _a446p.
_c24cm (Hb)
700 _aGupta, S.C.
700 _aArora, S.S.
700 _aSharma, Rishu
700 _aMohit Singh
942 _adpl
_cEN
_k670.285 / NAT
999 _c8607
_d8607